| 000 | 00797cam a22002291i 4500 | ||
|---|---|---|---|
| 001 | sd 18000119 | ||
| 003 | DLC | ||
| 005 | 20260227112730.0 | ||
| 008 | 770215s1867 stkc b 000 0beng | ||
| 010 | _asd 18000119 | ||
| 035 | _a(OCoLC)2740725 | ||
| 040 |
_aDLC _cNSbSU _dNSbSU _dDLC |
||
| 042 | _apremarc | ||
| 050 | 0 | 0 |
_aDA950.23.D7 _bM2 |
| 100 | 1 |
_aMcLennan, John Ferguson, _d1827-1881. |
|
| 245 | 1 | 0 |
_aMemoir of Thomas Drummond, R.E.,F.R.A.S., under secretary to the lord lieutenant of Ireland, 1835-1840. _cBy John F. M'Lennan. |
| 260 |
_aEdinburgh, _bEdmonston and Douglas, _c1867. |
||
| 300 |
_avii, 475 p. _bport. _c23 cm. |
||
| 600 | 1 | 0 |
_aDrummond, Thomas, _d1797-1840. |
| 651 | 0 |
_aIreland _xPolitics and government _y1800-1837. |
|
| 651 | 0 |
_aIreland _xPolitics and government _y1837-1901. |
|
| 999 |
_c89688 _d89688 |
||